Java : (Record no. 516)
[ view plain ]
| 000 -LEADER | |
|---|---|
| fixed length control field | 02183nac a22002651u 4500 |
| 010 ## - LIBRARY OF CONGRESS CONTROL NUMBER | |
| LC control number | 2005281242 |
| 020 ## - INTERNATIONAL STANDARD BOOK NUMBER | |
| International Standard Book Number | 0072230738 (pbk.) |
| 035 ## - SYSTEM CONTROL NUMBER | |
| System control number | (OCoLC)ocm57439852 |
| 082 00 - DEWEY DECIMAL CLASSIFICATION NUMBER | |
| Classification number | 005.2762 |
| Item number | S3342 |
| 090 ## - LOCALLY ASSIGNED LC-TYPE CALL NUMBER (OCLC); LOCAL CALL NUMBER (OCLC) | |
| -- | 516 |
| -- | 516 |
| 100 ## - MAIN ENTRY--PERSONAL NAME | |
| Personal name | Schildt, Herbert. |
| 245 10 - TITLE STATEMENT | |
| Title | Java : |
| Remainder of title | the complete reference / |
| Statement of responsibility, etc | Herbert Schildt. |
| 250 ## - EDITION STATEMENT | |
| Edition statement | J2SE 5 ed. |
| 260 ## - PUBLICATION, DISTRIBUTION, ETC. (IMPRINT) | |
| Place of publication, distribution, etc | New York : |
| Name of publisher, distributor, etc | McGraw-Hill/Osborne,2005 |
| Date of publication, distribution, etc | 2005. |
| 300 ## - PHYSICAL DESCRIPTION | |
| Extent | xxx, 1000 p. : |
| Other physical details | ill. ; |
| Dimensions | 23 cm. |
| 500 ## - GENERAL NOTE | |
| General note | Includes index. |
| 505 0# - FORMATTED CONTENTS NOTE | |
| Formatted contents note | pt. 1. The Java language. The history and evolution of Java -- An overview of Java -- Data types, variables, and arrays -- Operators -- Control statements -- Introducing classes -- A closer look at methods and classes -- Inheritance -- Packages and interfaces -- Exception handling -- Multithreaded programming -- Enumerations, autoboxing, and metadata (annotations) -- I/O, applets, and other topics -- Generics -- pt. 2. The Java library. String handling -- Exploring java.lang -- java.util part 1: the collections framework -- java.util part 2: more utility classes -- Input/output: exploring java.io -- Networking -- The applet class -- Event handling -- Introducing the AWT: working with windows, graphics and text -- Using AWT controls, layout managers, and menus -- Images -- The concurrent utilities -- NIO, regular expressions, and other packages -- pt. 3. Software development using Java. Java beans -- A tour of swing -- Servlets -- pt. 4. Applying Java. Financial applets and servlets -- Creating a download manager in Java -- Using Java's documentation comments. |
| 650 #0 - SUBJECT ADDED ENTRY--TOPICAL TERM | |
| Topical term or geographic name as entry element | Java (Computer program language) |
| 650 #0 - SUBJECT ADDED ENTRY--TOPICAL TERM | |
| Topical term or geographic name as entry element | Internet programming. |
| 856 42 - ELECTRONIC LOCATION AND ACCESS | |
| Materials specified | Contributor biographical information |
| Uniform Resource Identifier | <a href="http://www.loc.gov/catdir/enhancements/fy0626/2005281242-b.html">http://www.loc.gov/catdir/enhancements/fy0626/2005281242-b.html</a> |
| 856 42 - ELECTRONIC LOCATION AND ACCESS | |
| Materials specified | Publisher description |
| Uniform Resource Identifier | <a href="http://www.loc.gov/catdir/enhancements/fy0626/2005281242-d.html">http://www.loc.gov/catdir/enhancements/fy0626/2005281242-d.html</a> |
| 856 42 - ELECTRONIC LOCATION AND ACCESS | |
| Materials specified | Table of contents |
| Uniform Resource Identifier | <a href="http://www.loc.gov/catdir/enhancements/fy0626/2005281242-t.html">http://www.loc.gov/catdir/enhancements/fy0626/2005281242-t.html</a> |
| 942 ## - ADDED ENTRY ELEMENTS (KOHA) | |
| Item type | Book - Borrowing |
| Call number prefix | 005.2762S3342 |
| Withdrawn status | Item status | Source of classification or shelving scheme | Damaged status | Not for loan | Vendor | Home library | Current library | Shelving location | Date acquired | Source of acquisition | Cost, normal purchase price | Total Checkouts | Total Renewals | Full call number | Barcode | Date last seen | Date last borrowed | Cost, replacement price | Koha item type |
|---|---|---|---|---|---|---|---|---|---|---|---|---|---|---|---|---|---|---|---|
| Dewey Decimal Classification | Central Library | Central Library | Lower Floor | 06/06/2016 | 400.00 | 10 | 11 | 005.2762 SCH | 000004103 | 15/07/2025 | 20/12/2016 | 500.00 | Book - Borrowing |